01211nac a22003617a 4500001001000000003000900010005001700019008003400036040005400070072000800124090001900132100002200151100002000173100001900193100002000212110005800232245009400290260004000384300000900424490006100433650001700494650001200511650001300523650001000536650002300546650001900569650001500588650001700603909004700620942001700667999001900684952014600703BR7806275BR-BrBNA20240105114320.0230509b bl.|||m| |||| 00| 0 por d aBR-BrBNAbporcBiblioteca Nacional de Agricultura aK50 a2680 BR78062751 aZvinakevicius, C.1 aAndrade, J.O.M.1 aSilva, A.R. da1 aFoelkel, C.E.B.1 aCelulose Nipo-Brasileira S.A., Belo Oriente, MG913541 aCaracteristicas papeleiras da madeira de acacia negra de Minas Gerais [Acacia mollissima]3 aBelo Oriente, MG (Brasil): c1978.  a7 p. aCENIBRA Pesquisa. Serie Materia-Prima (Brazil)vno. 71x aACACIA NEGRA aMADEIRA aCELULOSE aPAPEL aCOMPOSICAO QUIMICA aANALISE FISICA aRENDIMENTO aMINAS GERAIS a202312bLúcia Elandec55dLúcia Elande 2AGRISn0cMS c268638d268638 002AGRIS40708Acervo Gerala41918b41918cAGROBASEl0o2680 BR7806275p2680 BR7806275r2023-12-18yMSePortaria Interministerial nº 164/94